INDIAN SOCIAL SYSTEM (Record no. 47934)
[ view plain ]
| 000 -LEADER | |
|---|---|
| fixed length control field | 00307nam a2200133Ia 4500 |
| 008 - FIXED-LENGTH DATA ELEMENTS--GENERAL INFORMATION | |
| fixed length control field | 250402s9999 xx 000 0 und d |
| 020 ## - INTERNATIONAL STANDARD BOOK NUMBER | |
| International Standard Book Number | 9788170331964 |
| 082 ## - DEWEY DECIMAL CLASSIFICATION NUMBER | |
| Classification number | 300 |
| Item number | AHU-I |
| 100 ## - MAIN ENTRY--PERSONAL NAME | |
| Personal name | AHUJA RAM |
| 245 #0 - TITLE STATEMENT | |
| Title | INDIAN SOCIAL SYSTEM |
| 260 ## - PUBLICATION, DISTRIBUTION, ETC. | |
| Name of publisher, distributor, etc. | RAWAT PUBLICATION |
| Date of publication, distribution, etc. | 1993 |
| 300 ## - PHYSICAL DESCRIPTION | |
| Extent | 458 |
| 942 ## - ADDED ENTRY ELEMENTS (KOHA) | |
| Koha item type | Reference Book |
| Withdrawn status | Lost status | Damaged status | Not for loan | Collection code | Permanent Location | Current Location | Shelving location | Date acquired | Cost, normal purchase price | Full call number | Barcode | Date last seen | Price effective from | Koha item type |
|---|---|---|---|---|---|---|---|---|---|---|---|---|---|---|
| School of Humanities (Noida) | Maharishi School of Science & Humanities (Lucknow) | Central Library, MUIT, Lucknow | R67S4 | 2025-04-02 | 1295.00 | 800 | 9203 | 2025-12-08 | 2025-04-02 | Reference Book |